Francouzsko-Německé monetární vztahy - pnutí v základech eurozóny

Eurozóna ako menový suverénny subjekt. Logika jednania v medzinárodnom menovom systéme a menovej únii. Francúzsko-nemecké vzťahy do vzniku Hospodárskej a menovej únie. Záujmy a pozície Francúzska a Nemecka v Hospodárskej a menovej únii. Francúzsko-nemecké vzťahy po prepuknutí krízy. Scénare budúce...

Full description

Saved in:
Bibliographic Details
Main Author: Hodulák, Vladan
Other Authors: Krpec, Oldřich
Format: Book Chapter
Language:Czech
Subjects:
Tags: Add Tag
No Tags, Be the first to tag this record!

MARC

LEADER 00000naa a2200000 4500
001 0207110
005 20231207125923.9
041 0 |a cze 
044 |a CZ 
245 1 0 |a Francouzsko-Německé monetární vztahy - pnutí v základech eurozóny  |c Vladan Hodulák, Oldřich Krpec 
520 |a Eurozóna ako menový suverénny subjekt. Logika jednania v medzinárodnom menovom systéme a menovej únii. Francúzsko-nemecké vzťahy do vzniku Hospodárskej a menovej únie. Záujmy a pozície Francúzska a Nemecka v Hospodárskej a menovej únii. Francúzsko-nemecké vzťahy po prepuknutí krízy. Scénare budúceho vývoja. 
610 2 0 |a Francúzsko 
610 2 0 |a Nemecko 
610 2 0 |a eurozóna 
610 2 0 |a systém menový 
610 2 0 |a integrácia ekonomická 
610 2 0 |a politika menová 
100 1 |a Hodulák, Vladan 
700 1 |a Krpec, Oldřich